01623nam a2200361 a 4500001001000000003000500010005001700015008004100032010001100073011001100084040000900095090001000104100003600114245016500150260004100315500006000356502013000416590004100546590004000587590004000627650005200667650006000719650003700779650003200816650003500848856007000883901000700953942001000960942000600970999001900976952013100995952013501126000113466CHAP20220329144355.0170629s2016 mx sm |||||||spa d a109927 a110899 cCHAP aTesis1 aRuiz Moreno, Saudizaref913275210aCalidad del suelo en sistemas de producción tradicionales y con tecnologías agroforestales en Xaltepuxtla, Pueblah[En línea]cpor Saudizaref Ruiz Moreno. aChapingo, Méx. :bEl autor,c2016. aPara ver el contenido del material haga clic en la liga aTesis (M.C. en Agroforestería para el Desarrollo Sostenible) -- UACH. Departamento de Enseñanza Investigación en Suelos aE11695DGDb10c20170629lUCH01h1443 aE5765TAJb05c20170629lUCH01h0811 aE5765TAJb05c20170629lUCH01h081214aAgriculturaxInnovaciones tecnológicas.9156514aPlantas ornamentalesxSistemas de producción.913275314aSistemas agroforestales.910673514aSuelosxAnálisis.911020414aSuelosxComposición.9110280 aFinding aiduhttp://10.13.5.2/tesis/sist113466.pdfzTeclea aquí aBK cTESIS n0 c109927d109927 00104054718TESISaBCbBCd2017-06-29fTESISl0oTesisp113468-10r2019-12-31 00:00:00w2019-12-31yTESISzRecien adquirido 00102local4053708TESISaBCbBCcPA_TESISd2017-06-29fTESISl0oTesisp113468-20r2019-12-31 00:00:00tc.2w2019-12-31yTESIS